Famous Wars in History Quiz - Statistics

General Stats
  • This quiz has been taken 103 times
  • The average score is 10 of 20
Answer Stats
Hint Answer % Correct
1914-1918 The Great War
98%
1939-1945 Second World War
93%
1947-1991 Cold War
84%
1955-1975 Vietnam War
67%
1861-1865 American Civil War
65%
1803-1815 Napoleonic Wars
65%
1618-1648 Thirty Years War
59%
1337-1453 Hundred Years War
54%
1939-1940 Winter War
42%
1853-1856 Crimean War
40%
1917-1922 Russian Civil War
40%
1756-1763 Seven Years War
38%
1870-1871 Franco-Prussian War
35%
1904-1905 Russo-Japanese War
34%
1775-1783 American Revolutionary War
31%
431-404BC Peloponnesian War
27%
218-201BC Second Punic War
27%
1927-1949 Chinese Civil War
26%
1701-1714 War of the Spanish Succession
23%
1912-1913 First Balkan War
10%
No matching quizzes found
Score Distribution
Percent of People with Each Score
Percentile by Number Answered
Your Score History
You have not taken this quiz